00422pab a2200157 454500008004000000100001700040245006900057260000900126300001600135362001100151650002200162650001300184700001700197700001600214773003400230180718b2004 xxu||||| |||| 00| 0 eng d aKarnik, Ajit aReforming property tax system: simulated results for Mumbai city c2004 ap.3818-826. a21 Aug aRight to property aTaxation aSharma, J.C. aRath, Anita aEconomic and Political Weekly